000 01285nam a2200301 a 4500
001 000042156
003 DO-SdBNP
005 20250313095012.0
008 131115s1970 pr ag 000 p spa d
040 _aDO-SdBNP
_bspa
_cBNPHU
082 _aPR860.8
_bP953L
245 0 0 _aPrimicias de las letras puertorriqueñas ;
_bAguinaldo puertorriqueño (1843); Álbum puertorriqueño (1844); El cancionero de Borinquen (1846) /
_ceditor ; Emilio M. Colón.
246 1 0 _a Aguinaldo puertorriqueño (1843)
246 1 0 _a Álbum puertorriqueño (1844)
246 1 3 _a El cancionero de Borinquen (1846)
260 _aSan Juan, Puerto Rico :
_bInstituto de Cultura Puertorriqueña,
_c1970.
300 _a516 p. :
_bmúsic. ;
_c23 cm.
500 _aIncluye referencias bibliográficas y notas al pie de las páginas.
501 _aEncuadernado con: Aguinaldo puertorriqueño (1843)
501 _aEncuadernado con: Álbum puertorriqueño (1844)
501 _aEncuadernado con: El cancionero de Borinquen (1846)
563 _aTres obras encuadernadas juntas con paginación continua
650 4 _aPoesía puertorriqueña
_91015
650 4 _aLiteratura puertorriqueña
_9250
700 1 2 _aColón, Emilio M.
_eed.
_94082
910 _aValidado. Control de calidad MFF
942 _2ddc
_cLBS1
999 _c41645
_d41645